000 00657cam a2200193 i 4500
001 874346
005 20240221063412.0
008 790716s1978 ne af b 001 0 eng
020 _a9004056602
040 _aDLC
_cDLC
_dDLC
082 0 0 _a320.95.
_222
_bSRI.
100 1 _aSirisena, W. M.
245 1 0 _aSri Lanka and South-East Asia :
_bpolitical, religious and cultural relations from A.D. c. 1000 to c. 1500 /
_cby W. M. Sirisena ; with a foreword by A. L. Basham.
260 _aLeiden :
_bBrill,
_c1978.
300 _aXIV, 186 P.,,
500 _aA revision of the author's thesis, Australian National University.
500 _aIncludes index.
942 _cL
999 _c461
_d461